|
|
|
|
| LEADER |
00980 a2200241 4500 |
| 008 |
180117b xxu||||| |||| 00| 0 mal d |
| 020 |
|
|
|a 8188779032
|c INR 125
|
| 082 |
|
|
|a 173
|
| 100 |
|
|
|a Russell, Bertrand
|
| 245 |
|
|
|a Vivahavum sadacharamoolyangalum /
|c by Bertrand Russel,translated by P. Shyamala
|
| 250 |
|
|
|a 2nd ed.
|
| 260 |
|
|
|a Kozhikode :
|b Papion,
|c 2010.
|
| 300 |
|
|
|a 226p. ;
|c 23 cm.
|
| 500 |
|
|
|a Malayalam translation of 'Marriage and morals'/ Matrimonio e morale
|
| 650 |
|
|
|a Marriage
|v Study
|
| 650 |
|
|
|a Moral and ethical aspects
|
| 650 |
|
|
|a Sexual ethics
|
| 700 |
|
|
|a Shyamala, P.
|e Translator
|
| 942 |
|
|
|c BK
|
| 546 |
|
|
|a Malayalam
|
| 999 |
|
|
|c 283345
|d 283345
|
| 952 |
|
|
|0 0
|1 0
|4 0
|6 173_000000000000000_RUS_V
|7 0
|9 321222
|a FLK
|b FLK
|c ST1
|d 2013-03-08
|e BK
|g 125.00
|i 2607
|l 0
|o 173 RUS/V
|p FLK2607
|r 2016-01-29
|w 2018-08-23
|y BK
|
| 952 |
|
|
|0 0
|1 0
|2 ddc
|4 0
|6 173_000000000000000_RUS_V
|7 0
|9 409207
|a LLE
|b LLE
|c ST1
|d 2016-03-16
|i 2436
|l 0
|o 173 RUS/V
|p LLE2436
|r 2020-11-09
|w 2020-11-09
|y BK
|